Statistiques concernant Rois et Empereurs Romains.

Cliquez ici pour prendre le quiz!

Statistiques générales

  • Ce quiz a été pris 6 914 fois
    (6 755 depuis la dernière actualisation)
  • Le résultat moyen est 20 sur 91

Statistiques - réponses

DynastieRègneSouverains% Correct
-475-476Romulus Augustule
89%
Julio - Claudiens27 av. J-C - 14Auguste
87%
Julio - Claudiens54 - 68Néron
75%
Julio - Claudiens37 - 41Caligula
59%
Antonins169 - 180Marc-Aurèle
58%
Latin753 - 716 av. J.-C.Romulus
58%
Julio - Claudiens41 - 54Claude
55%
Illyriens268 - 270Claude II
55%
Constantiniens337 - 350Constant
55%
Constantiniens306 - 337Constantin
47%
Constantiniens337 - 340Constantin II
47%
Antonins117 - 138Hadrien
44%
Julio - Claudiens14 - 37Tibère
43%
Sévères193 - 211Septime Severe
41%
Antonins138 - 161Antonin
39%
Antonins180 - 192Commode
39%
Sévères222 - 235Severe Alexandre
36%
Antonins98 - 117Trajan
36%
Flaviens79 - 81Titus
34%
Flaviens69 - 79Vespasien
33%
Théodosiens379 - 395Théodose
32%
-474 - 475Julius Nepos
30%
Étrusque616 - 578 av. J.-C.Tarquin l'Ancien
29%
Étrusque534 - 509 av. J.-C.Tarquin le Superbe
29%
Théodosiens393 - 423Flavius Honorius
28%
-306 - 307Sévère II
26%
-461 - 465Sévère III
26%
Sévères198 - 217Caracalla
24%
Flaviens81 - 96Domitien
24%
Antonins161 - 169Lucius Aurelius Verus
21%
Valentiniens364 - 375Valentinien
21%
Valentiniens375 - 392Valentinien II
21%
Théodosiens419 - 455Valentinien III
21%
Illyriens270 - 275Aurélien
20%
-360 - 363Julien
20%
Antonins96 - 98Nerva
20%
-68 - 69Galba
19%
-69Othon
19%
-284 - 305Dioclétien
18%
Constantiniens305 - 306Constance Chlore
16%
-238Maxime Pupien
16%
-69Vitellius
16%
Constantiniens337 - 361Constance II
15%
Théodosiens421Constance III
15%
Théodosiens384 - 388Maxime
15%
-455Petrone Maxime
15%
-244 - 249Philippe
14%
-247 - 249Philippe II
14%
Sévères218 - 222Héliogabale
13%
Sabin715 - 671 av. J.-C.Numa Pompilius
13%
Sévères209 - 211Geta
12%
-235 - 238Maximin
12%
-311 - 313Maximin II
12%
Étrusque578 - 534 av. J.-C.Servius Tullius
12%
Sévères217 - 218Macrin
11%
-193Pertinax
11%
-238Gordien
10%
-238Gordien II
10%
-238 - 244Gordien III
10%
-286 - 305Maximien Hercule
10%
-251 - 253Trébonien Galle
10%
Valentiniens364 - 378Valens
10%
-253 - 260Valérien
10%
-249 - 251Dèce
9%
-193Didius Julianus
9%
-253 - 268Gallien
9%
Latin671 - 640 av. J.-C.Tullus Hostilius
9%
Sabin640 - 616 av. J.-C.Ancus Marcius
8%
-253Émilien
8%
-305 - 311Galère
8%
Illyriens275 - 276Tacite
8%
-238Balbin
7%
Valentiniens367 - 383Gratien
7%
Illyriens283 - 285Carin
6%
Illyriens282 - 283Carus
6%
Sévères217 - 218Diaduménien
6%
Illyriens276Florien
6%
-363 - 364Jovien
6%
-308 - 324Licinius
6%
Illyriens283 - 284Numérien
6%
Illyriens276 - 282Probus
6%
-251Herennius Etruscus
5%
-251Hostillien
5%
-472Olybrius
5%
Illyriens270Quintillus
5%
-260Salonin
5%
-251 - 253Volusien
5%
-467 - 472Anthémius
4%
-455 - 456Avitus
4%
-473 - 474Glycérius
4%
-457 - 461Majorien
4%

Distribution des résultats

Percentile par nombre de réponses

% des personnes avec chaque résultat

Votre développement - résultats

Vous n’avez pas pris ce quiz depuis la dernière actualisation